| 000 | 00858nmc a2200313 a 4500 | ||
|---|---|---|---|
| 003 | AR-BaBNM | ||
| 005 | 20251128210628.0 | ||
| 008 | 010020s1999 ||||||||||||||000 | spa|| | ||
| 020 | _a84-7432-675-3 | ||
| 040 | _cAR-BaBNM | ||
| 100 | 1 | _aHarris, Roy | |
| 245 | 1 | 0 | _aSignos de escritura |
| 250 | _a1ª ed. | ||
| 260 |
_aBarcelona _bGedisa _c1999 |
||
| 300 | 0 |
_a253 p. _bláms. |
|
| 490 | 0 |
_aLea. Lenguaje, escritura, alfabetización _vv. 13 |
|
| 500 | 0 | _aContiene referencias bibliográficas | |
| 650 | 4 | _aSEMIOLOGIA | |
| 650 | 4 | _aLINGUISTICA | |
| 650 | 4 | _aINVESTIGACION LINGUISTICA | |
| 650 | 4 | _aSISTEMAS DE ESCRITURA | |
| 650 | 4 | _aORTOGRAFIA | |
| 650 | 4 | _aTEORIA DE LA COMUNICACION | |
| 650 | 4 | _aTEORIA LINGUISTICA | |
| 700 | 1 |
_aWilson, Patricia _etraductor |
|
| 800 | 1 |
_aFerreiro, Emilia _edirector |
|
| 942 | _cBK | ||
| 998 | _cMARTIN | ||
| 999 |
_c16247 _d16247 |
||